000 00312nam a2200109 4500
999 _c9479
_d9479
008 180705b ||||| |||| 00| 0 eng d
245 _aPeace efforts vital tool in curbing terrorism, crime.
260 _aPhilippines
_bThe Philippine Star
_cc2016
300 _apage 18.
650 0 _928184
_aPeace.
942 _2ddc
_cPER